000 00769nam a2200205Ia 4500
003 GCL
008 140319s9999 xx 000 0 ara d
020 _a2199099906
040 _aGCL /
_cGCL
082 0 4 _aد
_b811.082
_bو ش
100 1 _aوهب رومية
245 1 0 _aالشعر والناقد :
_bمن التشكيل الى الرؤيا /
_cوهب رومية
260 _aالكويت :
_bالمجلس الوطنى للثقافة والفنون والاداب ،
_c2006
300 _a352 ص ؛
_c22 سم
490 _aعالم المعرفة
_v331
650 0 4 _aالشعر العربى - تاريخ ونقد
650 0 4 _aالشعر السياسى - تاريخ ونقد
650 0 4 _aالشعر السياسى - دواوين وقصائد
942 _2ddc
_cBK
999 _c8971
_d8971